| 000 | 00488nam a2200133Ia 4500 | ||
|---|---|---|---|
| 008 | 220616s9999||||xx |||||||||||||| ||und|| | ||
| 022 | _a1795619 | ||
| 100 | _aLott, Friederike Franziska | ||
| 245 | 0 | _aWind Systems in the Dead Sea and Footprints in Seismic Records | |
| 546 | _aEnglish[eng] | ||
| 650 | _aWind||Microseisms||Wind speed||Topography||Totes Meer||TopographieSeismology||Seismologie||Rauschspektrum||Dead Sea | ||
| 856 | _uhttps://www.ksp.kit.edu/9783731505969 | ||
| 942 | _cEB | ||
| 999 |
_c19449 _d19449 |
||